IACEE 2012 World Conference on Continuing Engineering Education : Valencia, Spain. 17th - 19th May 2012

Gespeichert in:
Bibliographische Detailangaben
Format: Buch
Veröffentlicht: IACEE, 2012
Tags: Tag hinzufügen
Keine Tags, Fügen Sie das erste Tag hinzu!

MARC

LEADER 00000nam a22000003a 4500
001 stu250443
005 20150408183049.9
008 120713s--------sp----------------------d
020 |a 978-84-8363-858-3 
040 |a STU  |b slo 
041 0
044 |a sp 
245 |a IACEE 2012 World Conference on Continuing Engineering Education :  |b Valencia, Spain. 17th - 19th May 2012 
260 |b IACEE,  |c 2012 
300 |a CD ROM 
996 |b 284M084072  |c M*CD-2180  |l MMKN  |s A  |a 24  |w stu250443_0001